| 000 | 00989nam0a2200289 4500 | ||
|---|---|---|---|
| 001 | RU\NLR\BIBL_A\012425597 | ||
| 005 | 20260407062726.0 | ||
| 035 | _a(NLR Aleph) 012425597 | ||
| 090 |
_a11848569 _c11848569 |
||
| 100 | _a20201222d1946 |||y0rusy50 ca | ||
| 101 | 0 |
_auzb _ckaz |
|
| 102 | _aRU | ||
| 105 | _ac z 000 y | ||
| 181 | 0 |
_ai _baxxe |
|
| 182 | 0 | _an | |
| 200 | 1 |
_aЖамбул ўланлари _e[пер. с казах.] |
|
| 203 |
_aТекст _bвизуальный _cнепосредственный |
||
| 210 |
_aТошкент _cЎзбекистон давлат нашриёти _d1946 |
||
| 215 |
_a85, [2] с. _cпортр. _d15 |
||
| 541 | 1 |
_aСтихи Джамбула _zrus |
|
| 686 | 1 | _aШ6(2=Уз)-91Каз7-5 | |
| 700 | 0 |
_4070 _8rus _7ca _aДжамбул Джабаев _f1846-1945 _3RU\NLR\AUTH\7712905 _9122614 |
|
| 852 |
_aNLR _bОНЛ _jУзбек./1-676 |
||
| 852 |
_aNLR _bОНЛ _jУзбек./1-676 |
||
| 942 | _cBOOK | ||
| 980 | _aNB | ||